000 00791cam a2200277 a 4500
005 20230916134737.0
008 150903s2013 sa b 001 0 eng d
020 _a9780409053067
020 _a0409053066
082 0 4 _a342.6802
100 1 _aBurns, Yvonne.
245 1 0 _aAdministrative law /
_cby Yvonne Burns.
250 _a4th ed.
260 _aDurban :
_bLexisNexis,
_c2013.
300 _c23 cm
500 _aPreviously titled Administrative law under the 1996 Constitution, 2006.
650 0 _aAdministrative law.
650 0 _aAdministrative law
650 0 _aConstitutional law
650 0 _aJudicial review of administrative acts
650 7 _aAdministrative law.
651 7 _aSouth Africa.
700 1 _aBurns, Yvonne
942 _cBK
_6EMILLIE
999 _c5
_d5